<?xml version="1.0" encoding="UTF-8"?>
<record
    xmlns:xsi="http://www.w3.org/2001/XMLSchema-instance"
    xsi:schemaLocation="http://www.loc.gov/MARC21/slim http://www.loc.gov/standards/marcxml/schema/MARC21slim.xsd"
    xmlns="http://www.loc.gov/MARC21/slim">

  <leader>00949nam a2200241Ia 4500</leader>
  <controlfield tag="003">IN-BaIIA</controlfield>
  <controlfield tag="008">211028s9999    xx            000 0 eng d</controlfield>
  <datafield tag="040" ind1=" " ind2=" ">
    <subfield code="c">IIA Library</subfield>
  </datafield>
  <datafield tag="080" ind1=" " ind2=" ">
    <subfield code="a">520.8(063)</subfield>
    <subfield code="b">ESO</subfield>
  </datafield>
  <datafield tag="111" ind1=" " ind2=" ">
    <subfield code="a">ESO/CERN&#xA0;Conference&#xA0;on Auxiliary Instrumentation for Large Telescopes</subfield>
    <subfield code="c">Switzerland</subfield>
    <subfield code="d">1972 May 2-5</subfield>
    <subfield code="9">12667</subfield>
  </datafield>
  <datafield tag="245" ind1=" " ind2="0">
    <subfield code="a">Auxiliary instrumentation for large telescopes</subfield>
    <subfield code="b">proceedings of the ESO/CERN Conference held in Geneva, Switzerland, May 2-5 1972</subfield>
    <subfield code="c">edited by Laustsen S. and Reiz A.</subfield>
  </datafield>
  <datafield tag="260" ind1=" " ind2=" ">
    <subfield code="a">Geneva</subfield>
    <subfield code="b">European Southern Observatory</subfield>
    <subfield code="c">1972</subfield>
  </datafield>
  <datafield tag="300" ind1=" " ind2=" ">
    <subfield code="a">xiv, 525p.</subfield>
  </datafield>
  <datafield tag="490" ind1=" " ind2=" ">
    <subfield code="a">ESO coference proceedings</subfield>
  </datafield>
  <datafield tag="500" ind1=" " ind2=" ">
    <subfield code="a">Donated by Mrs. Bappu</subfield>
  </datafield>
  <datafield tag="650" ind1=" " ind2=" ">
    <subfield code="a">Astronomical instrumentation</subfield>
    <subfield code="9">3629</subfield>
  </datafield>
  <datafield tag="650" ind1=" " ind2=" ">
    <subfield code="a">Astronomy and Astrophysics Thesaurus</subfield>
  </datafield>
  <datafield tag="650" ind1=" " ind2=" ">
    <subfield code="a">Large telescopes</subfield>
    <subfield code="9">8033</subfield>
  </datafield>
  <datafield tag="700" ind1=" " ind2=" ">
    <subfield code="a">Laustsen, S., ed.</subfield>
    <subfield code="9">12668</subfield>
  </datafield>
  <datafield tag="700" ind1=" " ind2=" ">
    <subfield code="a">Reiz, A., ed.</subfield>
    <subfield code="9">11234</subfield>
  </datafield>
  <datafield tag="710" ind1=" " ind2=" ">
    <subfield code="a">European Southern Observatory</subfield>
    <subfield code="9">10914</subfield>
  </datafield>
  <datafield tag="942" ind1=" " ind2=" ">
    <subfield code="c">BK</subfield>
  </datafield>
  <datafield tag="999" ind1=" " ind2=" ">
    <subfield code="c">7405</subfield>
    <subfield code="d">7405</subfield>
  </datafield>
  <datafield tag="952" ind1=" " ind2=" ">
    <subfield code="0">0</subfield>
    <subfield code="1">0</subfield>
    <subfield code="4">0</subfield>
    <subfield code="7">0</subfield>
    <subfield code="a">BAN</subfield>
    <subfield code="b">BAN</subfield>
    <subfield code="c">GEN</subfield>
    <subfield code="d">1983-07-05</subfield>
    <subfield code="l">0</subfield>
    <subfield code="o">520.8(063)/ ESO</subfield>
    <subfield code="p">8214</subfield>
    <subfield code="r">2021-11-05</subfield>
    <subfield code="w">1983-07-05</subfield>
    <subfield code="y">BK</subfield>
  </datafield>
</record>
